00295pam a2200121 a 4500020000500000041000500005082001000010100003300020245005000053250000800103260005400111300000800165 c h a658.3 aBHATTACHARYYA (D.K.)eauthor aHuman Resource Development,hTextual Document a1st bHimalaya Publishing House Mumbai, New Delhic2009 a369